00975nam a22002652a 450000100060000000300080000600500170001400800410003103500190007204000280009104100080011908200150012710000440014224500550018626000500024130000200029149000700031150400310038165000190041265000340043183000770046594200120054299900170055495201380057117575BD-RjUL20211209000149.0140217s1966 nyu b 001 0 eng d a(BD-RjUL)17633 aDLCcTJCdSERdEQObeng aeng a808.1bCRS1 aCrum, Ralph Brinckerhoff,d1888-95416910aScientific thought in poetry /c Ralph B. Crum ... aNew York :bColumbia University Press,c1966. a246 p. ;c21 cm1 aColumbia University studies in English and comparative literature aBibliography: p. [239]-242 0aPoetry.954170 0aLiterature and science953108 0aColumbia University studies in English and comparative literature954182 2ddccBK c17575d17575 00102ddc40718FICaRUCLbRUCLcReadingd1971-01-27eZeitlingerg95.00l0o808.1 CRS 1966r2014-02-17 00:00:00tC-1w2014-02-17yBK